LEADER 01171cam0-22004571i-450- 001 990001106340403321 005 20050523103247.0 010 $a88-08-04362-2 035 $a000110634 035 $aFED01000110634 035 $a(Aleph)000110634FED01 035 $a000110634 100 $a20001205d1987----km-y0itay50------ba 101 0 $aita 102 $aIT 105 $aa-------001yy 200 1 $aGeotecnica$fRenato Lancellotta 210 $aBologna$cZanichelli$d1987 215 $a531 p.$cill.$d25 cm 610 0 $aGeofisica 610 0 $aTerra 610 0 $aIdraulica 610 0 $aCostruzioni Idrauliche e stradali 610 0 $aMeccanica del Suolo 610 0 $aCalcolo delle Fondazioni 610 0 $aGeotecnica 676 $a52 676 $a624.151 700 1$aLancellotta,$bRenato$08239 801 0$aIT$bUNINA$gRICA$2UNIMARC 901 $aBK 912 $a990001106340403321 952 $aS.19A-001$b18140$fFI1 952 $aS.19A-002$b18141$fFI1 952 $a07 F-32 MU.$b4805$fDINSC 952 $a01 A1 V 12$b00435$fDINST 959 $aFI1 959 $aDINSC 959 $aDINST 996 $aGeotecnica$938898 997 $aUNINA LEADER 03336oam 2200661I 450 001 9910457479803321 005 20200520144314.0 010 $a1-136-58127-8 010 $a0-203-15563-7 024 7 $a10.4324/9780203155639 035 $a(CKB)2550000000096273 035 $a(EBL)957448 035 $a(OCoLC)798533149 035 $a(SSID)ssj0000692446 035 $a(PQKBManifestationID)11390635 035 $a(PQKBTitleCode)TC0000692446 035 $a(PQKBWorkID)10638070 035 $a(PQKB)10984354 035 $a(MiAaPQ)EBC957448 035 $a(Au-PeEL)EBL957448 035 $a(CaPaEBR)ebr10542111 035 $a(CaONFJC)MIL761004 035 $a(OCoLC)784034414 035 $a(EXLCZ)992550000000096273 100 $a20180706d2012 uy 0 101 0 $aeng 135 $aur|n|---||||| 181 $ctxt$2rdacontent 182 $cc$2rdamedia 183 $acr$2rdacarrier 200 10$aPractice-based research in social work $ea guide for reluctant researchers /$fSarah-Jane Dodd and Irwin Epstein 210 1$aOxon ;$aNew York :$cRoutledge,$d2012. 215 $a1 online resource (219 pages) $cillustrations 300 $aDescription based upon print version of record. 311 $a0-415-56524-3 311 $a0-415-56523-5 320 $aIncludes bibliographical references (p. [201]-207) and index. 327 $a1. Evolution and definition of PBR -- 2. Establishing the practice-research problem -- 3. PBR study purposes -- 4. PBR research designs -- 5. The PBR literature review -- 6. Understanding basic differences in data-collection methods -- 7. Qualitative data gathering -- 8. Quantitative data gathering -- 9. PBR sampling -- 10. Research ethics and protection of human subjects in PBR -- 11. Analyzing qualitative data in PBR -- 12. Analyzing quantitative data in PBR -- 13. Interpreting and disseminating results from PBR. 330 $aThis unique textbook explores practice-based research (PBR), using numerous practice examples to actively encourage and engage students and practitioners to embrace research as a meaningful support for their practice. Whilst evidence-based practice gives practitioners access to information about "universal" best practices, it does not prioritize practitioner-generated knowledge or promote new research-based interventions relevant to their own practice circumstances as PBR does. This book discusses the evolution of PBR as a distinct social work research approach, describes its principles and methods and presents a range of exemplars illustrating the application of PBR within different practice methods in different practice settings. 606 $aSocial service$xResearch 606 $aSocial work education 606 $aSocial service$xFieldwork 606 $aSocial workers$xProfessional practice 608 $aElectronic books. 615 0$aSocial service$xResearch. 615 0$aSocial work education. 615 0$aSocial service$xFieldwork. 615 0$aSocial workers$xProfessional practice. 676 $a361.3/2072 700 $aDodd$b Sarah-Jane.$0937401 701 $aEpstein$b Irwin$0935318 801 0$bMiAaPQ 801 1$bMiAaPQ 801 2$bMiAaPQ 906 $aBOOK 912 $a9910457479803321 996 $aPractice-based research in social work$92111447 997 $aUNINA LEADER 01454nas 2200481 c 450 001 9910892766803321 005 20260218110659.0 024 7 $aurn:nbn:de:gbv:3:2-75069 035 $a(DE-599)ZDB2895008-2 035 $a(OCoLC)1368716801 035 $a(DE-101)1132545161 035 $a(CKB)5720000000119929 035 $a(DE-599)2895008-2 035 $a(EXLCZ)995720000000119929 100 $a20170522a20169999 |y | 101 0 $ager 135 $aur||||||||||| 181 $ctxt$2rdacontent 182 $cc$2rdamedia 183 $acr$2rdacarrier 200 00$aProvenienz & Forschung$fDeutsches Zentrum Kulturgutverluste 210 31$aDresden$cSandstein Verlag$d[2016]- 210 31$aMagdeburg$cDeutsches Zentrum Kulturgutverluste$d[2016]- 215 $aOnline-Ressource 300 $aGesehen am 06.01.23 311 08$a2509-9590 517 3 $aProvenienz und Forschung 606 $aProvenienzforschung$3(DE-588)7697228-8$3https://d-nb.info/gnd/7697228-8$3(DE-101)1001334752$9rswk-swf$2gnd 607 $aDeutschland$9rswk-swf$2gnd 608 $aZeitschrift$2gnd-content 615 7$aProvenienzforschung. 676 $a700 676 $a020 676 $a060 686 $a012000*zs$2sbb 712 02$aDeutsches Zentrum Kulturgutverluste$4isb 801 0$b4011 801 1$bDE-101 801 2$b0003 906 $aJOURNAL 912 $a9910892766803321 996 $aProvenienz & Forschung$94270914 997 $aUNINA